000 00832nam a22002897a 4500
001 BR0806396
003 BR-BrBNA
005 20230928102728.0
007 ta
008 230509b bl.||||| |||| 00| 0 por d
040 _aBR-BrBNA
_bpor
_cBiblioteca Nacional de Agricultura
041 _a(Por)
072 _aQ02
_b0329
_b1121
090 _ 0329 BR0806396
100 1 _aSouza, A.C.G. de
110 1 _aServiço Nacional de Aprendizagem Rural, Brasília, DF (Brasil)
245 1 _aTrabalhador no beneficiamento do palmito; palmito de pupunha
_bColeção SENAR, no. 88
260 3 _aBrasília, DF (Brasil):
_c2004.
300 _a64 p.
500 _a94 illus.
650 _aPUPUNHA
650 _aPALMITO
650 _aTECNOLOGIA DE ALIMENTO
650 _aTRANSPORTE
909 _a202309
_bLucia
_c55
_dLucia Elande
942 _cBK
999 _c72241
_d72241